Σάββατο βράδυ στην άκρη της πόλης : μυθιστόρημα
Αποθηκεύτηκε σε:
| Κύριος συγγραφέας: | |
|---|---|
| Μορφή: | Βιβλίο |
| Γλώσσα: | Greek |
| Δημοσίευση: |
Αθήνα :
Πόλις,
2003
|
| Θέματα: | |
| Ετικέτες: |
Προσθήκη ετικέτας
Δεν υπάρχουν, Καταχωρήστε ετικέτα πρώτοι!
|
MARC
| LEADER | 00000nam a2200000 i 4500 | ||
|---|---|---|---|
| 001 | 1/80016 | ||
| 008 | 050705r20031996 gre d | ||
| 020 | |a 960-7478-21-5 | ||
| 035 | |l 10078915 | ||
| 040 | |a GR-MY-UA |b gre |e aacr | ||
| 041 | 0 | |a gre | |
| 082 | 0 | |a 889.334 |2 (22) | |
| 100 | 1 | |a Τριανταφύλλου, Σώτη, |d 1957- | |
| 245 | 1 | 0 | |a Σάββατο βράδυ στην άκρη της πόλης : |b μυθιστόρημα / |c Σώτη Τριανταφύλλου |
| 260 | |a Αθήνα : |b Πόλις, |c 2003 | ||
| 300 | |a 259 σ.; |c 21 σ. | ||
| 650 | 0 | 0 | |a Greek fiction. |
| 650 | 0 | 0 | |a Greek fiction, Modern |y 20th century. |
| 852 | |a INST |b CHIOS |e 20050705 |h 889.334 ΤΡΙ |p 005200022159 |q 005200022159 |t BK |y 0 | ||
| 901 | |a BIBL2-2005-2 | ||
| 909 | |a Χ |b 112728 | ||
| 922 | |a 2ΕΛΗ |b 200410 |c ΚΕΝΤΡΙΚΗ ΒΙΒΛΙΟΘΗΚΗ |d ΠΥΞΙΔΑ | ||
| 970 | |a ΧΑΖΙΡΗ |b ΑΝΝΑ |z 2005/06/08 | ||